Let It Rain - Lyrics - Statistics

General Stats
  • This quiz has been taken 5 times
  • The average score is 70 of 170
Answer Stats
Answer % Correct
I
100%
it
100%
let
100%
rain
100%
you
75%
oh
50%
the
50%
when
50%
coming
25%
do
25%
down
25%
gonna
25%
in
25%
never
25%
no
25%
on
25%
some
25%
somethings
25%
to
25%
what
25%
air
0%
all
0%
builds
0%
cant
0%
Cause
0%
dont
0%
emptiness
0%
feeling
0%
feels
0%
fight
0%
get
0%
getting
0%
ground
0%
head
0%
hide
0%
impression
0%
its
0%
lightning
0%
near
0%
one
0%
open
0%
plant
0%
plow
0%
pressure
0%
safe
0%
said
0%
seed
0%
skies
0%
stop
0%
storm
0%
strikes
0%
time
0%
truth
0%
up
0%
want
0%
whole
0%
yeah
0%
your
0%
No matching quizzes found
Score Distribution
Percent of People with Each Score
Percentile by Number Answered
Your Score History
You have not taken this quiz